| 000 | 00720nam a22002292 4500 | ||
|---|---|---|---|
| 001 | 0000024387 | ||
| 005 | 20151217152301.0 | ||
| 008 | 130910s xx 000 0 eng d | ||
| 020 | _a8130912042 : | ||
| 040 |
_aKABU _cKABU |
||
| 245 | 1 | 0 |
_aSexually transmitted diseases and HIV/AIDS / _ceditor-in-chief, Vinod K. Sharma. |
| 250 | _a1st ed. | ||
| 260 |
_aNew Delhi : _bViva Books, _c2009. |
||
| 300 | _axxviii, 908 p. | ||
| 650 | 0 |
_aSexually transmitted diseases. _@0000184437 |
|
| 650 | 0 |
_aHIV infections. _@0000156920 |
|
| 650 | 0 |
_aAIDS (Disease) _@0000148458 |
|
| 700 | 1 |
_aSharma, Vinod K. _@0000184438 |
|
| 852 | 1 | _9p4531 KES | |
| 908 | _a130910 | ||
| 950 | _@1 | ||
| 999 |
_c10249 _d10249 |
||